000 01426nam a2200229Ia 4500
003 Ost
005 20260507075007.0
008 260507s9999||||xx |||||||||||||| ||und||
020 _a9774220900
040 _cfsecg
041 _aara
082 _a658.8
100 _aأبو النجا، محمد عبد العظيم
_eمؤلف
245 0 _aإدارة التسويق :
_bمدخل معاصر /
_c محمد عبد العظيم أبو النجا
260 _aالاسكندرية:
_bالدار الجامعية,
_c2008
300 _a527 صفحة؛
_c24 سم
520 _aيحتوي الكتاب على المحاور التالية: نظرة عامة على التسويق، تقسيم السوق إلى قطاعات و تحديد السوق المستهدف، بناء المركز الذهني و تحقيق الميزة التنافسية، نظم المعلومات التسويقية، بحوث التسويق، سلوك المستهلك، أسواق الأعمال و السلوك الشرائي لمشتري الأعمال، المنتج، التسعير، الإتصالات التسويقية، قنوات التوزيع، إدارة قنوات التوزيع و اللوجستيات التسويقية و إدارة سلسلة التوريد، التسويق الإلكتروني.
653 _aالاستهلاك
653 _aالتسويق
653 _aالتسويق- البحوث
942 _cكتاب
999 _c42120
_d42120